LIBRARY & INFORMATION CENTRE, KCAET, TAVANUR

ONLINE PUBLIC ACCESS CATALOGUE (OPAC)

Principles of Geo Informatic (Record no. 14243)

MARC details
000 -LEADER
fixed length control field 00314nam a22001337a 4500
020 ## - INTERNATIONAL STANDARD BOOK NUMBER
ISBN 8183600603
082 ## - DEWEY DECIMAL CLASSIFICATION NUMBER
Classification number 621.3678
Item number GUP/PR
100 ## - MAIN ENTRY--AUTHOR NAME
Personal name Gupta, R.K
-- Subhash Chander
245 ## - TITLE STATEMENT
Title Principles of Geo Informatic
250 ## - EDITION STATEMENT
Edition statement 5
260 ## - PUBLICATION, DISTRIBUTION, ETC. (IMPRINT)
Place of publication New Delhi
Name of publisher Jain Brothers
Year of publication 2011
300 ## - PHYSICAL DESCRIPTION
Number of Pages 712
942 ## - ADDED ENTRY ELEMENTS (KOHA)
Koha item type Books
Holdings
Withdrawn status Lost status Damaged status Collection code Home library Current library Shelving location Date acquired Source of acquisition Cost, normal purchase price Full call number Accession Number Koha item type
        KAUAET KAUAET General Stacks 08/06/2016 Universal Research Books, Thrissur 325.00 621.3678 GUP/PR 24326 Books
free website counter